عرض عادي
عرض مارك
- Vocational teachers
مدخل مصطلح موضوعي
001 - رقم الضبط
- حقل الضبط: 41955
003 - معرف رقم الضبط
- حقل الضبط: OSt
005 - تاريخ ووقت أخر عملية
- حقل الضبط: 20140109155930.0
008 - عناصر بيانات ثابتة الطول
- حقل تحكم ثابت الطول: 140109|||a|||||| | ||| d
040 ## - مصدر الفهرسة
- هيئة الفهرسة الأصلية: OSt
- وكالة الكتابة: OSt
150 ## - مدخل-- مصطلح تاريخي
- عنصر مدخل المصطلح الموضوعي او الاسم الجغرافي: Vocational teachers
- تفريع عام: Certification.
670 ## - بيانات المصدر موجوده
- الاستشهاد بالمصدر: Work cat.: (OSt)0: Phillips, Joseph., CompTIA CTT+ certified technical trainer :, c2012.
